01210cam a22003375a 450000100090000000300090000900500170001800800410003502000180007602000150009404000380010908200230014710000350017024500880020525000190029326400410031226400100035330000570036333600260042033700280044633800270047450400510050165000450055265000410059765100100063865300260064865500240067494200120069899900170071095201450072717247800EG-ScBUE20220605133840.0120409t2013 nyua f b 001 0 eng d a9780073407326 a0073407321 aDLCbengerdacDLCdDLCdEG-ScBUE04a428.40711222bMIL1 aMilan Spears, Deanne,eauthor.10aDeveloping critical reading skills /cDeanne Spears, City College of San Francisco. aNinth edition. 1aNew York, NY :bMcGraw-Hill,c[2013] 4cc2013 a1 volume (various pagings) :billustrations ;c24 cm 2rdacontentatextbtxt 2rdamediaaunmediatedbn 2rdacarrieravolumebnc aIncludes bibliographical references and index. 7aReading (Higher education)2BUEsh914348 7aReading comprehension.2BUEsh913995 2BUEsh bHHUUEENNcOctober2016 vReading book934232 2ddccBB c22819d22791 00102ddc40708BaccahaMAINbMAINc2NDd2016-10-24ePurchaseg1950.00l2m7o428.40711 MILp000034465r2026-04-01 00:00:00s2017-09-06yNB